00298nam a2200133Ia 4500003000400000005001700004008004100021020001800062040001000080100001600090245003700106260001200143260000900155OSt20231229095410.0170524s9999 xx 000 0 und d a9788122427738 cIIMTU aBasak- T.K. 0aElectrical Engineering Materials bNew Age c2010